书目信息 |
| 题名: |
中国现代高等美术教育研究
|
|
| 作者: | 谢璞骅 著 | |
| 分册: | ||
| 出版信息: | 北京 光明日报出版社 2021.5 |
|
| 页数: | 258页 | |
| 开本: | 25cm | |
| 丛书名: | 光明社科文库 | |
| 单 册: | ||
| 中图分类: | J114 | |
| 科图分类: | ||
| 主题词: | 高等教育--美术教育--研究--中国--现代 | |
| 电子资源: | ||
| ISBN: | 978-7-5194-5935-2 | |
| 000 | 01549nam2 2200289 45 | |
| 001 | 489931 | |
| 005 | 20140818203237.0 | |
| 010 | @a978-7-5194-5935-2@b精装@dCNY95.00 | |
| 100 | @a20210615d2021 em y0chiy0110 ea | |
| 101 | 0 | @achi |
| 102 | @aCN@b110000 | |
| 105 | @aa az 000yy | |
| 106 | @ar | |
| 200 | 1 | @a中国现代高等美术教育研究@Azhong guo xian dai gao deng mei shu jiao yu yan jiu@f谢璞骅著 |
| 210 | @a北京@c光明日报出版社@d2021.5 | |
| 215 | @a258页@c图@d25cm | |
| 225 | 2 | @a光明社科文库@i文学与艺术书系 |
| 314 | @a谢璞骅,2004年9月-2011年7月就读于俄罗斯列宾美术学院版画系,获艺术硕士学位。2012年5月至今就职于广东财经大学艺术与设计学院,先后任助教、讲师。 | |
| 320 | @a有书目 (第247-258页) | |
| 330 | @a本书从清末民初我国高等美术教育的萌芽为发端,按照历史顺序总结和概括民国时期(共38年)高等美术教育的发生与发展的全过程,比较全面地客观地介绍了各类高等美术学校的办学宗旨、办学规模、师资聘任、课程设置等方面的内容。系统地总结和概括了民国时期高等美术教育的十大办学特色,呈现出投资主体多元的办学体制,践行了中西结合,创造时代艺术的办学宗旨,设置了学术分明,专本分开的办学层次,营造了尊师重教,爱惜人才的办学氛围,实现了从师徒制向班级授课制的转变,开创了教学与写生结合的办学模式,拓展了交流学术、开阔视野的办学路径,担负起了心系国家前途和民族命运的崇高使命,创造了无大楼、出大师的美术教育办学奇迹。 | |
| 461 | 0 | @12001 @a光明社科文库 |
| 462 | 0 | @12001 @a文学与艺术书系 |
| 606 | 0 | @a高等教育@x美术教育@x研究@y中国@z现代 |
| 690 | @aJ114@v5 | |
| 701 | 0 | @a谢璞骅@Axie pu hua@4著 |
| 801 | @aCN@b江苏凤凰@c20211018 | |
| 905 | @b1356950-3@dJ114@e166@f4 | |
| 中国现代高等美术教育研究/谢璞骅著.-北京:光明日报出版社,2021.5 |
| 258页:图;25cm.-(光明社科文库.文学与艺术书系) |
| ISBN 978-7-5194-5935-2(精装):CNY95.00 |
| 本书从清末民初我国高等美术教育的萌芽为发端,按照历史顺序总结和概括民国时期(共38年)高等美术教育的发生与发展的全过程,比较全面地客观地介绍了各类高等美术学校的办学宗旨、办学规模、师资聘任、课程设置等方面的内容。系统地总结和概括了民国时期高等美术教育的十大办学特色,呈现出投资主体多元的办学体制,践行了中西结合,创造时代艺术的办学宗旨,设置了学术分明,专本分开的办学层次,营造了尊师重教,爱惜人才的办学氛围,实现了从师徒制向班级授课制的转变,开创了教学与写生结合的办学模式,拓展了交流学术、开阔视野的办学路径,担负起了心系国家前途和民族命运的崇高使命,创造了无大楼、出大师的美术教育办学奇迹。 |
| ● |
| 相关链接 |
|
|
|
|
正题名:中国现代高等美术教育研究
索取号:J114/166
 
预约/预借
| 序号 | 登录号 | 条形码 | 馆藏地/架位号 | 状态 | 备注 |
| 1 | 1356950 | 213569501 | 第一样本阅览室/ [索取号:J114/166] | 在馆 | |
| 2 | 1356951 | 213569510 | 第一借阅区/ [索取号:J114/166] | 在馆 | |
| 3 | 1356952 | 213569529 | 第一借阅区/ [索取号:J114/166] | 在馆 | |
| 4 | 1356953 | 213569538 | 第一借阅区/ [索取号:J114/166] | 在馆 |